这些城市属于哪个欧洲国家? - Statistics

General Stats
  • This quiz has been taken 36 times
  • The average score is 22 of 30
Answer Stats
城市 国家 % Correct
阿姆斯特丹 荷兰
100%
安道尔城 安道尔
100%
安特卫普 比利时
100%
雅典 希腊
100%
巴塞罗那 西班牙
100%
贝尔格莱德 塞尔维亚
100%
柏林 德国
100%
伯尔尼 瑞士
100%
毕尔巴鄂 西班牙
100%
伯明翰 英国
100%
伯恩茅斯 英国
100%
不来梅 德国
100%
布鲁塞尔 比利时
100%
布加勒斯特 罗马尼亚
100%
切博克萨雷 俄罗斯
100%
车里雅宾斯克 俄罗斯
100%
科隆 德国
100%
第聂伯罗 乌克兰
100%
顿涅茨克 乌克兰
100%
德累斯顿 德国
100%
杜塞尔多夫 德国
100%
爱丁堡 英国
100%
佛罗伦萨 意大利
100%
法兰克福 德国
100%
格但斯克 波兰
100%
日内瓦 瑞士
100%
根特 比利时
100%
哥德堡 瑞典
100%
汉堡 德国
100%
汉诺威 德国
100%
赫尔辛基 芬兰
100%
伊斯坦布尔 土耳其
100%
加里宁格勒 俄罗斯
100%
喀山 俄罗斯
100%
基辅 乌克兰
100%
莱斯特 英国
100%
莱比锡 德国
100%
林茨 奥地利
100%
利佩茨克 俄罗斯
100%
里斯本 葡萄牙
100%
伦敦 英国
100%
里昂 法国
100%
马德里 西班牙
100%
曼彻斯特 英国
100%
马赛 法国
100%
米兰 意大利
100%
明斯克 白俄罗斯
100%
莫斯科 俄罗斯
100%
慕尼黑 德国
100%
纽卡斯尔 英国
100%
尼斯 法国
100%
下诺夫哥罗德 俄罗斯
100%
诺丁汉 英国
100%
巴黎 法国
100%
波尔图 葡萄牙
100%
波兹南 波兰
100%
雷恩 法国
100%
雷克雅未克 冰岛
100%
里加 拉脱维亚
100%
顿河畔罗斯托夫 俄罗斯
100%
鹿特丹 荷兰
100%
圣埃蒂安 法国
100%
萨马拉 俄罗斯
100%
塞维利亚 西班牙
100%
谢菲尔德 英国
100%
斯德哥尔摩 瑞典
100%
斯图加特 德国
100%
塞萨洛尼基 希腊
100%
土伦 法国
100%
都灵 意大利
100%
乌里扬诺夫斯克 俄罗斯
100%
乌德勒支 荷兰
100%
巴伦西亚 西班牙
100%
瓦杜兹 列支敦士登
100%
威尼斯 意大利
100%
维也纳 奥地利
100%
维尔纽斯 立陶宛
100%
伏尔加格勒 俄罗斯
100%
沃罗涅日 俄罗斯
100%
华沙 波兰
100%
叶卡捷琳堡 俄罗斯
100%
萨格勒布 克罗地亚
100%
扎波罗热 乌克兰
100%
梅斯 法国
86%
梁赞 俄罗斯
86%
图卢兹 法国
86%
贝尔法斯特 英国
83%
卡利亚里 意大利
83%
卢布尔雅那 斯洛文尼亚
83%
敖德萨 乌克兰
83%
罗马 意大利
83%
亚琛 德国
80%
布拉迪斯拉发 斯洛伐克
80%
利兹 英国
80%
里尔 法国
80%
列日 比利时
80%
马里乌波尔 乌克兰
80%
纽伦堡 德国
80%
巴勒莫 意大利
80%
马略卡岛帕尔马 西班牙
80%
波德戈里察 黑山
80%
索菲亚 保加利亚
80%
斯特拉斯堡 法国
80%
地拉那 阿尔巴尼亚
80%
南安普顿 英国
78%
博洛尼亚 意大利
75%
波尔多 法国
75%
库尔斯克 俄罗斯
75%
蒙彼利埃 法国
75%
穆尔西亚 西班牙
75%
奥斯陆 挪威
75%
鲁昂 法国
75%
塔林 爱沙尼亚
75%
塔兰托 意大利
75%
乌法 俄罗斯
75%
苏黎世 瑞士
75%
阿斯特拉罕 俄罗斯
71%
布莱顿 英国
71%
康斯坦察 罗马尼亚
71%
巴塞尔 瑞士
67%
布达佩斯 匈牙利
67%
哥本哈根 丹麦
67%
都柏林 爱尔兰
67%
埃因霍温 荷兰
67%
热那亚 意大利
67%
格拉纳达 西班牙
67%
赫尔河畔金斯敦 英国
67%
克拉斯诺达尔 俄罗斯
67%
卢甘斯克 乌克兰
67%
那不勒斯 意大利
67%
斯塔夫罗波尔 俄罗斯
67%
斯旺西 英国
67%
什切青 波兰
67%
萨拉戈萨 西班牙
67%
伊万诺沃 俄罗斯
64%
奥格斯堡 德国
63%
卡迪夫 英国
60%
利沃夫 乌克兰
60%
马尔默 瑞典
60%
维罗纳 意大利
57%
雅罗斯拉夫尔 俄罗斯
57%
巴里 意大利
50%
别尔哥罗德 俄罗斯
50%
布里斯托尔 英国
50%
布尔诺 捷克
50%
基希讷乌 摩尔多瓦
50%
格勒诺布尔 法国
50%
格罗宁根 荷兰
50%
克拉科夫 波兰
50%
克里维里赫 乌克兰
50%
曼海姆 德国
50%
蒙特卡洛 摩纳哥
50%
马拉加 西班牙
50%
卡马河畔切尔内 俄罗斯
50%
南特 法国
50%
俄斯特拉发 捷克
50%
布拉格 捷克
50%
圣彼得堡 俄罗斯
50%
萨拉热窝 波黑
50%
萨拉托夫 俄罗斯
50%
斯科普里 北马其顿
50%
图尔 法国
50%
巴拉多利德 西班牙
50%
贝加莫 意大利
40%
比勒菲尔德 德国
40%
罗兹 波兰
40%
特伦特河畔斯托克 英国
40%
不伦瑞克 德国
33%
卡塔尼亚 意大利
33%
沙勒罗瓦 比利时
33%
卢布林 波兰
33%
帕特雷 希腊
33%
陶里亚蒂 俄罗斯
33%
特维尔 俄罗斯
33%
瓦尔纳 保加利亚
33%
弗罗茨瓦夫 波兰
33%
戈梅利 白俄罗斯
29%
尼古拉耶夫 乌克兰
29%
布雷西亚 意大利
25%
米德尔斯堡 英国
25%
萨尔布吕肯 德国
25%
文尼察 乌克兰
25%
阿利坎特 西班牙
20%
瓦莱塔 马耳他
20%
彼尔姆 俄罗斯
17%
普里斯蒂娜 科索沃
17%
比得哥什 波兰
0%
克莱蒙费朗 法国
0%
格拉斯哥 英国
0%
雅西 罗马尼亚
0%
伊热夫斯克 俄罗斯
0%
卡尔斯鲁厄 德国
0%
哈尔科夫 乌克兰
0%
基洛夫 俄罗斯
0%
利物浦 英国
0%
马哈奇卡拉 俄罗斯
0%
奥伦堡 俄罗斯
0%
帕多瓦 意大利
0%
奔萨 俄罗斯
0%
普罗夫迪夫 保加利亚
0%
图拉 俄罗斯
0%
维戈 西班牙
0%
No matching quizzes found
Score Distribution
Percent of People with Each Score
Percentile by Number Answered
Your Score History
You have not taken this quiz